Les joueurs les plus décisifs du Bayern 23/24 - Statistiques

Statistiques générales
  • Ce quiz a été pris 76 fois
  • Le résultat moyen est 8 sur 10
Statistiques - réponses
Joueurs % Correct
1. Kane
94%
2. Sane
88%
3. Musiala
86%
10. Gnabry
85%
7. Kimmich
83%
4. Muller
83%
9. Coman
80%
8. Davies
74%
6. Goretzka
71%
5. Tel
48%
Aucun quiz correspondant
Distribution des résultats
% des personnes avec chaque résultat
Percentile par nombre de réponses
Votre historique - résultats
Vous n’avez pas pris ce quiz